Leonardo the lion cub. (Record no. 112092)
[ view plain ]
| 000 -LEADER | |
|---|---|
| fixed length control field | 00321nam a2200133 a 4500 |
| 005 - DATE AND TIME OF LATEST TRANSACTION | |
| control field | 20140414131927.0 |
| 008 - FIXED-LENGTH DATA ELEMENTS--GENERAL INFORMATION | |
| fixed length control field | 101027s19uu xx 00 eng d |
| 020 ## - INTERNATIONAL STANDARD BOOK NUMBER | |
| International Standard Book Number | |
| 050 ## - LIBRARY OF CONGRESS CALL NUMBER | |
| Classification number | ER |
| Item number | L55 2000 |
| 100 ## - MAIN ENTRY--PERSONAL NAME | |
| Personal name | Papineau, Lucie |
| 245 ## - TITLE STATEMENT | |
| Title | Leonardo the lion cub. |
| 260 ## - PUBLICATION, DISTRIBUTION, ETC. (IMPRINT) | |
| Name of publisher, distributor, etc | Dominique Payette, |
| Date of publication, distribution, etc | 2000. |
| Withdrawn status | Lost status | Damaged status | Home library | Current library | Shelving location | Date acquired | Total Checkouts | Full call number | Barcode | Date last seen | Price effective from | Koha item type |
|---|---|---|---|---|---|---|---|---|---|---|---|---|
| Munich Library | Munich Library | Easy Reading Section | 10/27/2010 | ER L55 2000 | M3125 | 04/14/2014 | 04/14/2014 | Books |